|
|
|
|
| LEADER |
00634nab a2200193 i 4500 |
| 001 |
univ506 |
| 005 |
20241217145403.0 |
| 008 |
180117s1969 hu o 000 hun d |
| 022 |
|
|
|a 0230-791X
|
| 040 |
|
|
|a SZTE UnivHistória Repozitórium
|b hun
|
| 041 |
|
|
|a hun
|
| 100 |
1 |
|
|a Papp Gyula
|
| 245 |
1 |
0 |
|a Levágták balkarod ; A kilencedik töredék
|h [elektronikus dokumentum] :
|b [versek] /
|c Papp Gyula
|
| 260 |
|
|
|c 1969
|
| 300 |
|
|
|a 4
|
| 490 |
0 |
|
|a Szegedi Egyetem
|v 7 No. 9-10
|
| 561 |
|
|
|a Egyetemi, hallgatói élet
|
| 695 |
|
|
|a Magyar irodalom - vers
|
| 856 |
4 |
0 |
|u http://univ.bibl.u-szeged.hu/506/1/sze_1969_009-010_004.pdf
|z Dokumentum-elérés
|